LEADER 01328nam a2200301 4500 001 000000364946 003 CaOOAMICUS 005 20251124110617.0 008 251031s2023 it 000 u ita r 020 $a978-88-931440-1-8 040 $aSeMil$bita 100 1 $aFoucault, Michel,$d<1926-1984>.$0(OLS)http://semarc/name/730 240 13$aLa loi de la pudeur.$0(OLS)http://semarc/title/456464 245 13$aLa legge del pudore /$cMichel Foucault, a cura di Caro Gervasi e Lorenzo Petrachi. 264 1$aNapoli ; Salerno :$bOrthotes,$c2023. 300 $a153 p. ;$c16 cm 490 1 $aTeoria sociale ;$v35 650 4$aFoucault, Michel <1926-1984> - Pensiero filosofico.$0(OLS)http://semarc/subject/35435 700 12$aPetrachi, Lorenzo.$0(OLS)http://semarc/name/123069 700 12$aGervasi, Caro.$0(OLS)http://semarc/name/123068 830 0$aTeoria sociale ;$v35.$0(OLS)http://semarc/title/456947 850 $aSeMil 852 $aSeMil$W1$xVenegono$y1$m2E I 20$j264716$B255783$CSeMilBibl$Z2$F255783 $81 961 $aBrambilla don Paolo - Omaggio 996 $6020$a978-88-931440-1-8$9(OLS)http://semarc/number/304478 996 $6245$aLa legge del pudore$9(OLS)http://semarc/title/456463 996 $6264$aNapoli ; Salerno :$bOrthotes$9(OLS)http://semarc/publisher/36340 LEADER 01384nam a2200301 i 4500 001 000000056740 003 CaOOAMICUS 005 20260416102314.0 008 081001s1964 it u000 u ita u 013 $a27912 040 $aSeMil$bita 100 1 $aWittgenstein, Ludwig,$d<1889-1951>.$0(OLS)http://semarc/name/6443 240 10$aTractatus logico-philosophicus.$0(OLS)http://semarc/title/88254 245 10$aTractatus logico-philosophicus e Quaderni 1914-1916 /$cLudwig Wittgenstein ; traduzione di Amedeo G. Conte. 260 $aTorino :$bEinaudi,$c1964. 300 $aXI, 268 p. ;$c26 cm. 490 0 $aBiblioteca di Cultura Filosofica [Einaudi] ;$v26 501 $aQuaderni 1914-1916 650 4$aWittgenstein, Ludwig . Tractatus logico-philosophicus.$0(OLS)http://semarc/subject/13833 700 1 $aConte, Amedeo Giovanni,$d<1934- >.$0(OLS)http://semarc/name/28757 730 02$aNotebooks 1914-1916.$0(OLS)http://semarc/title/459181 830 0$aBiblioteca di cultura filosofica ;$v26.$0(OLS)http://semarc/title/419384 850 $aSeMil 852 $aSeMil$W1$xVenegono$y1$m2P III 196$j22894$B22894$CSeMilBibl$Z2$F22896 $81 961 $aAcquisto: Casa editrice 996 $6245$aTractatus logico-philosophicus e Quaderni 1914-1916$9(OLS)http://semarc/title/88253 996 $6260$aTorino :$bEinaudi$9(OLS)http://semarc/publisher/29884